Chelsea Players 15 or More Goals in Premier League - Statistics

General Stats
  • This quiz has been taken 45 times
  • The average score is 14 of 15
Answer Stats
Season Player Country G/A % Correct
06/07 Didier Drogba Ivory Coast 20G4A
100%
09/10 Didier Drogba Ivory Coast 29G11A
100%
Eden Hazard Belgium 16G5A
100%
18/19 Eden Hazard Belgium 16G15A
100%
05/06 Frank Lampard England 16G9A
100%
Frank Lampard England 22G16A
100%
12/13 Frank Lampard England 15G1A
100%
23/24 Cole Palmer England 22G11A
97%
24/25 Cole Palmer England 15G9A
97%
14/15 Diego Costa Spain 20G3A
97%
16/17 Diego Costa Spain 20G7A
97%
08/09 Nicolas Anelka France 19G3A
86%
19/20 Tammy Abraham England 15G4A
86%
00/01 Jimmy Floyd Hasselbaink Netherlands 23G10A
80%
01/02 Jimmy Floyd Hasselbaink Netherlands 23G6A
80%
No matching quizzes found
Score Distribution
Percent of People with Each Score
Percentile by Number Answered
Your Score History
You have not taken this quiz